America's new geostrategy
Shranjeno v:
| Glavni avtor: | |
|---|---|
| Format: | Texto |
| Izdano: |
s.l.:
Foreign Affairs
|
| Oznake: |
Označite
Brez oznak, prvi označite!
|
MARC
| LEADER | 00000 a a2200000 04500 | ||
|---|---|---|---|
| 001 | 23771 | ||
| 003 | |||
| 040 | |||
| 090 | |a 168100 | ||
| 100 | |a Brzezinski, Zbigniew | ||
| 245 | |a America's new geostrategy | ||
| 260 | |a s.l.: |b Foreign Affairs | ||
| 300 | |a pp. 680-699 | ||
| 999 | |c 13919 |d 13919 | ||
